Normal view
MARC view
- Altaf Ahmad Bhat
Entry Personal Name
001 - CONTROL NUMBER
- control field: 8615
003 - CONTROL NUMBER IDENTIFIER
- control field: OSt
005 - DATE AND TIME OF LATEST TRANSACTION
- control field: 20260123120445.0
008 - FIXED-LENGTH DATA ELEMENTS
- fixed length control field: 260123|| aca||aabn | a|a d
040 ## - CATALOGING SOURCE
- Original cataloging agency: OSt
- Transcribing agency: OSt
100 ## - HEADING--PERSONAL NAME
- Personal name: Altaf Ahmad Bhat
670 ## - SOURCE DATA FOUND
- Source citation: Work cat.: (OSt)755423: Vinod Prakash Saxena 8611, I-function and Its applications, 2025
